000 00449nam a2200181Ia 4500
008 221030s9999 xx 000 0 und d
020 _a9971511754
041 _aEnglish
082 _a105.23
_bBas
100 _aF. A. Cotton
245 0 _aBasic Inorganic Chemistry
_cby F. A. Cotton, G. Wilkinson
250 _a3rd
260 _bJohn Wiley & Sons
_aMumbai
_c1995
300 _a838
650 _aChemistry
700 _aG. Wilkinson
942 _cBK
999 _c6720
_d6720